Регионална библиотека "Любен Каравелов" - Русе

Стандартизацията на счетоводството и модели за отчитане на дълготрайните материални активи в публичния сектор (Запис номер 346735)

MARC детайли
000 -Лидер
Контролно поле с фиксирана дължина nam a22 a 4500
003 - Код на организацията, давaща контролен номер
Контролно поле BLK
005 - Дата и час на последна редакция
Контролно поле 20220429171258.0
008 - Елементи от данни с фиксирана дължина
fixed length control field 191122b bu ||||| |||| 00| 0 bu d
020 ## - Международен стандартен номер на книга ISBN
Международен стандартен номер на книга ISBN 9786192320522
040 ## - Източник на каталожния запис
Идентификатор на билиотеката - собственик на записа BLK
041 ## - Код за език
Код за езика на текст/звукозапис или на отделно заглавие Български
Код за езика КДБФ Български
080 ## - УДК
УДК код - определител по УДК 006:657
УДК - код + определител 006:657
080 ## - УДК
Текстов определител УДК Счетоводство. Счетоводни системи и операции, водене на сметките, журнал-ордер и др.
УДК код - определител по УДК 657
УДК - код + определител 657
100 ## - Редна дума - Автор
Автор Фесчиян, Даниела Милчова
Авторска отговорност първи автор
R(LIN) 1299
139 ## - Редно поле
Редна дума Фесчиян, Даниела Милчова
Авторски знак Фес - Ф 41
245 ## - Сведения за заглавието
Заглавие Стандартизацията на счетоводството и модели за отчитане на дълготрайните материални активи в публичния сектор
Редно поле (дума) Даниела Фесчиян
250 ## - Област на изданието
Сведения за изданието 3 доп. и прераб. изд.
260 ## - Област на издателските данни
9 (RLIN) 395606
Място на издаване, разпространение и проч. София
Име на издателя, разпространителя и проч. Изд. комплекс - УНСС
Година на издаване 2018
300 ## - Физическа характеристика
Страници 270 с.
Размери/Мащаб 24 см
380 ## - Жанр
Жанр Общ отдел
650 #0 - Допълнително описание по предмет – тема
9 (RLIN) 247495
Основно описание – тема или топоним Счетоводна отчетност
650 #0 - Допълнително описание по предмет – тема
9 (RLIN) 256599
Основно описание – тема или топоним Амортизация - в счетоводната отчетност
653 #7 - Ключова дума – ненормативна
9 (RLIN) 190801
Ключова дума международни стандарти
999 ## - СИСТЕМНИ КОНТРОЛНИ НОМЕРА
Koha biblionumber 346735
Koha biblioitemnumber 346735
942 ## - АРТИКУЛИ
Вид на библиотечния материал Книги
Скрит в OPAC Не
Периодичен библиозапис Да
Koha issues (borrowed), all copies 1
944 ## - СЪЗДАВАНЕ И РЕДАКЦИЯ на ЗАПИСА
Създаване/Редакция Създаване
Дата на регистрацията/редакция 2019-11-22
Служител, извършил регистрацията/редакцията В. Р.
999 ## - СИСТЕМНИ КОНТРОЛНИ НОМЕРА
Koha biblioitemnumber 346735
Наличности
Код за отписване Код за изгубен артикул Източник на класификационната схема Код за повреда Коз за рестрикции Код за отдаване Артикулен № Име на библиотеката - собственик Име на библиотеката, в която се намира в момента Статус (Текущо местоположение) Дата на вписване в системата Местоположение - отдел Цена в лева Систематично азбучна сигнатура Баркод Цена в евро Служебен тип на артикула
  Не е изгубен Universal Decimal Classification Не е повреден без рестрикции ползва се в читалня 751109 Регионална библиотека "Любен Каравелов" Русе Регионална библиотека "Любен Каравелов" Русе Хранилище 2019-12-05 Хранилище 12.80 Цб 297338 120000839160 6.54 Книги
  Не е изгубен Universal Decimal Classification Не е повреден без рестрикции заемане за дома 751110 Регионална библиотека "Любен Каравелов" Русе Регионална библиотека "Любен Каравелов" Русе Заемна - подръчен фонд 2019-12-05 Заемна - подръчен фонд 12.80 П 006:657/Ф 41 120000839161 6.54 Книги
  Не е изгубен Universal Decimal Classification Не е повреден без рестрикции заемане за дома 751111 Регионална библиотека "Любен Каравелов" Русе Регионална библиотека "Любен Каравелов" Русе Читалня 2019-12-05 Читалня 12.80 Ч 006:657/Ф 41 120000839162 6.54 Книги
Vip Innovations Ltd, Rousse, Bulgaria 2025